Starostlivosť o úrodu zeleniny

Bibliographic Details
Main Authors: Kopec, Karel, 1929- (Author), Valšíková-Frey, Magdaléna, 1947- (Author)
Format: Book
Language:Slovak
PhysicalDescription:118 strán grafy, schémy, tabuľky 21 cm
Published: Nové Zámky Výskumný ústav zeleninársky 2002
ISBN:8096806564
Edition:1. vyd.
Subjects:

MARC

LEADER 00000cam a2200000 a 4500
001 vtls001450791
003 SK-MaSNL
005 20260301073122.0
008 240226s2002 xo dl frn 000 0 slo
015 |a SNBA2003/08-02607 
020 |a 8096806564  |q (brožované) 
035 |a SNK000406084 
035 |a urn:nbn:sk:snk-am3iwj7 
035 |a F41D67E4-148D-4916-A6AF-5D56ECF920E2 
035 |a urn:nbn:sk:snk-am00g56h 
040 |a SNK  |b slo  |c SNK  |e AACR2 
041 0 |a slo 
044 |a xo  |c SK 
072 7 |a 631  |x Poľnohospodárstvo. Pedológia. Agrotechnika. Agroekológia  |2 konspekt 
080 |a 631.57+637  |2 2001 
080 |a 635.1/.8  |2 2001 
080 |a (048.8)  |2 2011 
080 |a 621.796  |2 2011 
100 1 |a Kopec, Karel,  |d 1929-  |4 aut  |9 28528 
245 1 0 |a Starostlivosť o úrodu zeleniny  |c autori: Karel Kopec, Magdaléna Valšíková 
250 |a 1. vyd. 
260 |a Nové Zámky  |b Výskumný ústav zeleninársky  |c 2002 
300 |a 118 strán  |b grafy, schémy, tabuľky  |c 21 cm 
366 |e 250 kusov 
504 |a Bibliografia na strane 116 
650 0 7 |a poľnohospodárske produkty  |2 SNKPH  |9 66611 
650 0 7 |a zelenina  |2 SNKPH  |9 2731 
650 0 7 |a skladovanie  |2 SNKPH  |9 14941 
655 7 |a štúdie  |2 SNKPH  |9 57033 
700 1 |a Valšíková-Frey, Magdaléna,  |d 1947-  |4 aut  |9 193550 
919 |a 80-968065-6-4 
958 |a TL 
958 |a NB 
958 |a OND 
999 |c 643174  |d 645104 
952 |t P60, <03>, [BOOK], {603}  |a SNK  |b SNK  |y PREZ  |7 0  |p 17A0377793  |o snkSC 111017  |i snkKSP 3545/2003  |0 0  |1 0  |4 0  |d 2003-03-07  |f 1  |l 0  |r 2025-10-01 00:00:00  |w 2026-02-23 
952 |t P60, <04>, [BOOK], {604}  |a SNK  |b SNK  |y VYP  |7 0  |p 17A0377794  |o snkSC 111017 D1  |i snkKSP 3546/2003  |0 0  |1 0  |4 0  |d 2003-03-07  |l 0  |r 2005-01-02 00:00:00  |w 2026-02-23